<?xml version="1.0" encoding="UTF-8"?>
<collection xmlns="http://www.loc.gov/MARC21/slim">
 <record>
  <leader>     na                 </leader>
  <controlfield tag="001">INLIS000000000015069</controlfield>
  <controlfield tag="005">20260122112534</controlfield>
  <datafield tag="035" ind1=" " ind2=" ">
   <subfield code="a">0010-0126000023</subfield>
  </datafield>
  <datafield tag="245" ind1="1" ind2=" ">
   <subfield code="a">Manajemen lingkungan hidup untuk bisnis :</subfield>
   <subfield code="b">teori dan aplikasi /</subfield>
   <subfield code="c">Wijanto Hadipuro</subfield>
  </datafield>
  <datafield tag="100" ind1="0" ind2=" ">
   <subfield code="a">Wijanto Hadipuro</subfield>
  </datafield>
  <datafield tag="300" ind1=" " ind2=" ">
   <subfield code="a">xiv, 258 hlm.; 23 cm. :</subfield>
   <subfield code="b">Ilustrasi</subfield>
  </datafield>
  <datafield tag="700" ind1="0" ind2=" ">
   <subfield code="a">Marcella Kika (editor)</subfield>
  </datafield>
  <datafield tag="260" ind1=" " ind2=" ">
   <subfield code="a">Yogyakarta :</subfield>
   <subfield code="b">Andi,</subfield>
   <subfield code="c">2020</subfield>
  </datafield>
  <datafield tag="082" ind1=" " ind2=" ">
   <subfield code="a">658.408 3</subfield>
  </datafield>
  <datafield tag="084" ind1=" " ind2=" ">
   <subfield code="a">658.408 3 WIJ m</subfield>
  </datafield>
  <datafield tag="020" ind1=" " ind2=" ">
   <subfield code="a">978-623-01-0399-5</subfield>
  </datafield>
  <datafield tag="650" ind1=" " ind2=" ">
   <subfield code="a">Lingkungan hidup -- Manajemen</subfield>
  </datafield>
  <datafield tag="520" ind1=" " ind2=" ">
   <subfield code="a">Masalah lingkungan hidup tidak hanya mengubah praktik bisnis dan manajemen, tetapi juga mengubah konsep dalam berbisnis dan mengubah konsep dalam ilmu manajemen. Perubahan yang penting tersebut, sayangnya belum banyak respons. Hampir tidak ada buku yang secara komprehensif membahas perubahan yang akan menjadi semakin cepat terjadi di dunia ini. Dan buku ini, dapat digunakan untuk perkuliahan baik pada level sarjana maupun pascasarjana di berbagai bidang yang bersentuhan dengan lingkungan hidup. Selain untuk perkuliahan, buku ini juga dapat digunakan oleh praktisi yang membutuhkan pengetahuan tentang faktor pendorong penting dalam bisnis, yaitu lingkungan hidup. Paradigma yang digunakan buku ini adalah bagaimana pebisnis dapat menyatukan kepentingan perhatian pada lingkungan hidup dan sekaligus dapat mencapai keunggulan kompetitif. Harapannya setelah membaca buku ini, pembaca tidak lagi melihat lingkungan hidup sebagai beban yang akan mengurangi keuntungan bagi perusahaan.</subfield>
  </datafield>
  <controlfield tag="008">260122                d          0 ind  </controlfield>
  <datafield tag="990" ind1=" " ind2=" ">
   <subfield code="a">025.4885/PC/25</subfield>
  </datafield>
  <datafield tag="990" ind1=" " ind2=" ">
   <subfield code="a">025.4886/PC/25</subfield>
  </datafield>
  <datafield tag="990" ind1=" " ind2=" ">
   <subfield code="a">025.4887/PC/25</subfield>
  </datafield>
 </record>
</collection>
